000 00673nam a2200205 u 4500
005 20220823152948.0
008 160418s2007 mx r 000 0 spa d
020 _a9709833448
035 _aUPN01000209611
049 _aCG
050 4 _aD804.3
_bD5.7
100 1 _aDíaz, Lourdes
_939141
245 1 0 _a73670 :
_btestimonio de un sobreviviente de los campos de exterminio nazis /
_centrevista y adaptación literaria Lourdes Díaz.
260 _aMéxico :
_bCONAPRED,
_c2007.
300 _a59 p. :
_bil.
440 0 _aTestimonios sobre discriminación ;
_v1
650 7 _aHolocausto judío (1939-1945)
_vRelatos personales
_2
_925031
905 _aLibro
999 _c181712
_d181712